000 00304nam a22001337a 4500
008 170424b xxu||||| |||| 00| 0 eng d
020 _a9780176114213
041 _aeng
080 _a573
100 _a11
101 _aSHM
245 _aCELLS TISSUES ORGANS AND SYSTEM
_cRITTER.B
942 _2udc
_cBK
999 _c11594
_d11594